1915 1825 1654 1624 1898 1214 1316 1441 1164 1257 1602 1929 1199 1663 1488 1913 1297 1851 1059 1805 1997 1668 1334 1401 1543 1778 1235 1286 1381 1563 1138 1272 1213 1386 1597 1230 1210 1906 1006 1043 1964 1695 1529 1634 1930 1780 1673 1503 1174 1159 1080 1364 1288 1835 1577 1845 1701 1740 1520 1139 1570 1517 1970 1128 1910 1916 1678 1280 1550 1261 1994 1668 1647 1924 1782 1616 1982 1594 1153 1095 1010 1053 1290 1655 1448 1969 1023 1136 1044 1837 1122 1178 1586 1054 1495 1803 1159 1194 1189 BCNSPRNW ULIB Ver.6.0+V

เปลี่ยนเป็นภาษาไทย

Change to English
 แสดงรายละเอียดบรรณานุกรม
  กลับหน้าหลัก

Brief Record : Get Marc (ISO 2709) : E-mail record : QR code < ปิดหน้าต่าง
LEADER : 00000nam 2200000uu 4500
001    13399128212
003     ULIB
008    220815s2020||||th 000 0 tha d
020 ^  ^a9780702070488
060 0  ^aWY100^bE93
245 0  ^aEvidence-based practice in nursing /^cedited by Jean V. Craig, Dawn W. Dowding.
250 ^  ^a4th ed.
260 ^  ^aEdinburgh :^bElsevier,^c2020.
300 ^  ^axi, 195 p. :^bill. ;^c23 cm.
504 ^  ^aIncludes bibliographical references and index.
650 ^  ^aEvidence-based nursing.
650 ^  ^aEvidence-based medicine^xMethods.
695 ^  ^aHealth Sciences.
700 1  ^aCraig, Jean V.,^eed.
700 1  ^aDowding, Dawn W.,^eed.
910 ^   ^aคณะพยาบาลศาสตร์^bสำนักงานการศึกษา^cผศ.ดร.ชนัญชิดาดุษฎี ทูลศิริ
945    ^p0^l0^i009316
999    ^aประนอม เกษจรัล
รายการนี้ยังไม่มีแท็ก
คุณยังไม่ได้ล็อกอิน คุณสามารถมีกิจกรรมร่วมกับเว็บไซต์ได้ แต่ต้องล็อกอินก่อน ::
  ล็อกอิน

รายการสื่อสารสนเทศ

ลำดับที่ ประเภท เลขเรียก/บาร์โค้ด สถานที่ สถานะ
1. Book การพยาบาล
หนังสือสำรอง
สถานะ=หนังสือสำรอง
WY100 E93 ฉ.1 
  Barcode: 009316
ห้องสมุดวิทยาเขตสวรรค์ประชารักษ์
►หนังสือทั่วไป
บนชั้น

รายการใกล้เคียง
    หัวเรื่อง [Evidence-based nursing.]

BibComment


ยังไม่เคยถูกคอมเมนท์

คอมเมนท์ทรัพยากรรายการนี้
  คอมเมนท์: Evidencebased pr..


 Copyright 2026. Bcnsprnw @Library